Drive for improvement (Record no. 68029)
[ view plain ]
| 000 -LEADER | |
|---|---|
| fixed length control field | 01193cam a2200253 4500 |
| 001 - CONTROL NUMBER | |
| control field | ABS64327 |
| 008 - FIXED-LENGTH DATA ELEMENTS--GENERAL INFORMATION | |
| fixed length control field | 010820n2001 000 0 eng u |
| 035 ## - SYSTEM CONTROL NUMBER | |
| System control number | (Sirsi) u114193 |
| 100 ## - MAIN ENTRY--PERSONAL NAME | |
| Personal name | Williams, A |
| 245 ## - TITLE STATEMENT | |
| Title | Drive for improvement |
| 260 ## - PUBLICATION, DISTRIBUTION, ETC. | |
| Date of publication, distribution, etc. | 2001 |
| 490 ## - SERIES STATEMENT | |
| Series statement | Architects' Journal |
| Volume/sequential designation | 214(4) 26 July 2001, 46-47(2) |
| 520 ## - SUMMARY, ETC. | |
| Summary, etc. | Discusses the lessons that the construction industry could learn from car manufacturing to increase its efficiency. Examines research between BRE and Cranfield University - a project called Construction COGENT (CO-development reGENeration Tool) - which continues Cranfield's work with Nissan, aimed at reducing design costs and build time in the automotive industry. Construction COGENT aims to assess the whole design process so that all participants are involved at an early stage to raise and solve any queries or problems. |
| 590 ## - LOCAL NOTE (RLIN) | |
| Local note | ABS |
| 650 ## - SUBJECT ADDED ENTRY--TOPICAL TERM | |
| Topical term or geographic name entry element | CONSTRUCTION INDUSTRY |
| 650 ## - SUBJECT ADDED ENTRY--TOPICAL TERM | |
| Topical term or geographic name entry element | EGAN REFORMS |
| 650 ## - SUBJECT ADDED ENTRY--TOPICAL TERM | |
| Topical term or geographic name entry element | REFORMS |
| 650 ## - SUBJECT ADDED ENTRY--TOPICAL TERM | |
| Topical term or geographic name entry element | CONSTRUCTION COGENT |
| 650 ## - SUBJECT ADDED ENTRY--TOPICAL TERM | |
| Topical term or geographic name entry element | CONSTRUCTION CODEVELOPMENT REGENERATION TOOL |
| 650 ## - SUBJECT ADDED ENTRY--TOPICAL TERM | |
| Topical term or geographic name entry element | DESIGN COSTS |
| 650 ## - SUBJECT ADDED ENTRY--TOPICAL TERM | |
| Topical term or geographic name entry element | BUILD TIME |
| 690 ## - LOCAL SUBJECT ADDED ENTRY--TOPICAL TERM (OCLC, RLIN) | |
| Topical term or geographic name as entry element | BUILDING AND CONSTRUCTION-MANAGEMENT |
| 942 ## - ADDED ENTRY ELEMENTS (KOHA) | |
| Suppress in OPAC | 0 |
| Withdrawn status | Lost status | Source of classification or shelving scheme | Damaged status | Not for loan | Home library | Current library | Shelving location | Date acquired | Total Checkouts | Full call number | Barcode | Date last seen | Copy number | Price effective from | Koha item type |
|---|---|---|---|---|---|---|---|---|---|---|---|---|---|---|---|
| Dewey Decimal Classification | London | London | Journal article | 20/08/2001 | ABS64327 | 114193-1001 | 06/08/2019 | 1 | 06/08/2019 | Journal article |